Návrh mostíkových kontaktovo-diódových (1,m)-pólov /

Saved in:
Bibliographic Details
Main Author: Žucha, Marián, 1984- (Author)
Other Authors: Kolesár, Milan, 1942- (Thesis advisor)
Format: Manuscript Book
Language:Slovak
Published: Bratislava STU v Bratislave FIIT 2007
Tags: Add Tag
No Tags, Be the first to tag this record!

MARC

LEADER 00000ntm a22000003a 4500
001 0031264
003 SK-STU
005 20180216142623.9
007 ta
008 180216s2018----xo-----f-mn---000-0-slo-d
040 |a STU  |b slo 
041 0 |a slo 
044 |a xo  |c SK 
100 1 |a Žucha, Marián,  |d 1984-  |4 aut  |X 17015  |7 A000017015 
245 1 0 |a Návrh mostíkových kontaktovo-diódových (1,m)-pólov /  |c aut. Marián Žucha ; škol. Milan Kolesár 
260 |c 2007  |a Bratislava  |b STU v Bratislave FIIT 
300 |a 31 s.  |e CD 
504 |a stu_us_auth*0050648 
700 1 |a Kolesár, Milan,  |d 1942-  |4 ths  |X 2137  |7 2137 
996 |c I* BAP187/07  |l II680  |s P  |a 0  |w 0031264_0001